On This Day: April 28th II Quiz Stats

 Plays Quiz Updated Apr 28, 2018

Score 0/7 Timer 03:00
0 Plays Today
Question Answer Wrong Answers
This fascist leader is executed by Italian partisans along with his mistress Clara Petacci while attempting to flee.
1945
Benito Mussolini
97.5%
Achille Starace
0.6%
Engelbert Dollfuss
0.5%
Italo Balbo
0.8%
This German industrialist and Nazi Party member, credited with saving the lives of 1,200 Jews during the Holocaust by employing them in his factories, is born.
1908
Oskar Schindler
93.8%
Friedrich Schlotterbeck
1.4%
Claus von Stauffenberg
2.5%
Friedrich Olbricht
2.3%
High levels of radiation resulting from the ______ disaster are detected at a nuclear power plant in Sweden, leading Soviet authorities to publicly announce the accident.
1986
Chernobyl
93.3%
Three Mile
2.1%
Fukushima
1.8%
Bhopal
1.2%
This London football stadium, initially called Empire Stadium, is opened to the public.
1923
Wembley Stadium
92.5%
Twickenham Stadium
2.8%
London Stadium
3.3%
Etihad Stadium
1.1%
The Treaty of San Francisco comes into effect, restoring ______ sovereignty and ending its state of war with most of the Allies of World War II.
1952
Japanese
72%
German
14.6%
Hungarian
4.1%
Italian
8.1%
This album by Pink Floyd goes to number 1 in the US charts, ultimately spending a record 937 weeks on the Billboard 200 chart.
1973
The Dark Side of the Moon
71.9%
The Wall
25.6%
The Division Bell
0.6%
The Piper at the Gates of Dawn
0.4%
Thor Heyerdahl and his six-man crew embark on the Kon-Tiki expedition, sailing from Peru to _____ on a balsa wood raft.
1947
Polynesian Islands
51.9%
Solomon Islands
11%
Galápagos Islands
27.9%
Marshall Islands
8.3%

You're not logged in!

Compare scores with friends on all Sporcle quizzes.
OR
Log In

Sporcle TV

Today on Sporcle TV


Watch our educational content, quiz creation guides, and fun videos on Sporcle TV.

Show Comments

Extras

Top Quizzes Today


Score Distribution

Your Account Isn't Verified!

In order to create a playlist on Sporcle, you need to verify the email address you used during registration. Go to your Sporcle Settings to finish the process.

Report this User

Report this user for behavior that violates our Community Guidelines.

Details: